| 000 | 00593nam a2200205Ia 4500 | ||
|---|---|---|---|
| 003 | OSt | ||
| 005 | 20230417113840.0 | ||
| 008 | 210423s1996 xx 000 0 und d | ||
| 020 | _a393970140 | ||
| 040 | _cAL | ||
| 041 | _aeng | ||
| 082 | _a823.4 BEHA | ||
| 100 |
_aBEHN (Aphra). _989298 |
||
| 245 | _aOroonoko: an authoritative text historical backgrounds criticism. | ||
| 260 |
_aNew York _bW W Norton & Co., _c1996 |
||
| 300 |
_axvii,272 _bPB |
||
| 365 |
_b250 _cINR |
||
| 906 | _aan ; authoritative ; backgrounds ; criticism. ; historical ; Oroonoko. ; Oroonoko: | ||
| 942 |
_2ddc _cBK |
||
| 999 |
_c159943 _d159943 |
||